[Event "Niedersachsen-ch"]
[Site "Verden"]
[Date "2012.01.04"]
[Round "5"]
[White "Gersch, Andre"]
[Black "Konow, Philipp"]
[Result "1/2-1/2"]
[WhiteElo "1904"]
[BlackElo "1995"]
[PlyCount "149"]
[EventDate "2012.01.02"]
[EventType "swiss"]
[EventRounds "7"]
[EventCountry "GER"]
[SourceTitle "EXT 2021"]
[Source "ChessBase"]
[SourceDate "2020.10.23"]
[SourceVersion "1"]
[SourceVersionDate "2020.10.23"]
[SourceQuality "1"]

1. e4 c5 2. Nc3 Nc6 3. f4 g6 4. Nf3 Bg7 5. Bb5 Nd4 6. 0-0 Nxb5 7. Nxb5 Nf6 8. e5 Nd5 9. d4 cxd4 10. Qxd4 Nb6 11. Be3 d6 12. Nxa7 Nd7 13. Qd5 dxe5 14. Rad1 exf4 15. Ng5 0-0 16. Rxf4 Qe8 17. Nxc8 Nf6 18. Qxb7 Rxc8 19. Qb3 e6 20. Rc4 Qe7 21. Rxc8 Rxc8 22. Nf3 Ng4 23. Bb6 e5 24. h3 Nf6 25. a4 e4 26. Nd4 Nd7 27. a5 Be5 28. Ne2 Rb8 29. Qb5 Nxb6 30. axb6 Qf6 31. b7 e3 32. Rf1 Bh2+ 33. Kxh2 Qxf1 34. Qc4 Kg7 35. Qc7 Rxb7 36. Qxb7 Qxe2 37. Qe4 Qf2 38. Qd4+ Kh6 39. h4 Kh5 40. Kh3 f5 41. g4+ Kh6 42. gxf5 Qxf5+ 43. Kg3 Qf2+ 44. Kh3 Qf3+ 45. Kh2 e2 46. Qd2+ Kg7 47. Qd7+ Kf6 48. Qd6+ Kf5 49. Qc5+ Ke4 50. Qe7+ Kf5 51. Qc5+ Kf4 52. Qg5+ Ke4 53. Qe7+ Kf5 54. Qc5+ Ke6 55. Qb6+ Kf7 56. Qc7+ Kg8 57. Qd8+ Qf8 58. Qd5+ Qf7 59. Qd8+ Kg7 60. Qd4+ Qf6 61. Qd7+ Kf8 62. Qc8+ Kf7 63. Qd7+ Qe7 64. Qd5+ Qe6 65. Qb7+ Kf6 66. Qf3+ Ke7 67. Qb7+ Kd8 68. Qb8+ Qc8 69. Qd6+ Qd7 70. Qb8+ Ke7 71. Qe5+ Qe6 72. Qc7+ Ke8 73. Qb8+ Kf7 74. Qc7+ Kf6 75. Qf4+ 1/2-1/2

[Event "Niedersachsen-ch U18"]
[Site "Rotenburg"]
[Date "2009.04.06"]
[Round "4"]
[White "Kyas, Marcel"]
[Black "Gersch, Andre"]
[Result "0-1"]
[WhiteElo "2106"]
[BlackElo "1838"]
[PlyCount "70"]
[EventDate "2009.04.04"]
[EventType "swiss"]
[EventRounds "9"]
[EventCountry "GER"]
[SourceTitle "EXT 2010"]
[Source "ChessBase"]
[SourceDate "2010.11.25"]
[SourceVersion "1"]
[SourceVersionDate "2010.11.25"]
[SourceQuality "1"]

1. e4 e6 2. d4 d5 3. Nc3 Bb4 4. e5 c5 5. a3 Ba5 6. b4 cxd4 7. Qxd4 Bc7 8. Nf3 Nc6 9. Bb5 Nge7 10. Bg5 Bd7 11. Bxc6 Bxc6 12. 0-0 h6 13. Bh4 Rc8 14. Qg4 g5 15. Bg3 Nf5 16. Ne2 Bb5 17. Rfe1 Bb6 18. c3 Bxe2 19. Rxe2 Rxc3 20. Rd1 Qe7 21. Red2 Rc4 22. Nd4 Bxd4 23. Rxd4 h5 24. Rxc4 hxg4 25. Rc8+ Qd8 26. Rdc1 Kd7 27. Rxd8+ Rxd8 28. f3 Nxg3 29. hxg3 gxf3 30. gxf3 Rc8 31. Rf1 Rc3 32. Kg2 Rxa3 33. Kh3 Re3 34. b5 Rxe5 35. Ra1 d4 0-1

[Event "Niedersachsen-ch U18"]
[Site "Rotenburg"]
[Date "2009.04.05"]
[Round "2"]
[White "Gersch, Andre"]
[Black "Bierwirth, Keith"]
[Result "1-0"]
[WhiteElo "1838"]
[BlackElo "1205"]
[PlyCount "43"]
[EventDate "2009.04.04"]
[EventType "swiss"]
[EventRounds "9"]
[EventCountry "GER"]
[SourceTitle "EXT 2010"]
[Source "ChessBase"]
[SourceDate "2010.11.25"]
[SourceVersion "1"]
[SourceVersionDate "2010.11.25"]
[SourceQuality "1"]

1. e4 e5 2. Nc3 Nc6 3. f4 exf4 4. Nf3 Nf6 5. e5 Nh5 6. Bc4 d6 7. Qe2 Be7 8. exd6 cxd6 9. Ng5 0-0 10. Nxf7 Rxf7 11. Bxf7+ Kxf7 12. Qxh5+ Kg8 13. 0-0 Qb6+ 14. Kh1 Be6 15. d3 Rf8 16. Nd5 Qd4 17. Nxe7+ Nxe7 18. Bxf4 Ng6 19. Bg3 Rxf1+ 20. Rxf1 Bd5 21. Qf5 Qc5 22. c4 1-0

[Event "Niedersachsen-ch U16"]
[Site "Rotenburg/Wuemme"]
[Date "2007.04.04"]
[Round "7"]
[White "Kyas, Marcel"]
[Black "Gersch, Andre"]
[Result "1-0"]
[WhiteElo "1942"]
[BlackElo "1688"]
[PlyCount "59"]
[EventDate "2007.03.31"]
[EventType "swiss"]
[EventRounds "9"]
[EventCountry "GER"]
[SourceTitle "EXT 2008"]
[Source "ChessBase"]
[SourceDate "2007.11.25"]
[SourceVersion "1"]
[SourceVersionDate "2007.11.25"]
[SourceQuality "1"]

1. e4 e6 2. d4 d5 3. e5 c5 4. c3 Nc6 5. Nf3 cxd4 6. cxd4 Qb6 7. Nc3 Bd7 8. Be2 f6 9. exf6 Nxf6 10. 0-0 Bd6 11. a3 0-0 12. b4 Rac8 13. Bb2 a6 14. Rc1 Bf4 15. Rc2 Ne7 16. Bd3 Nf5 17. g3 Bd6 18. Bxf5 exf5 19. Ne5 Bb5 20. Re1 a5 21. Qf3 Bc6 22. b5 Bxe5 23. dxe5 d4 24. bxc6 dxc3 25. cxb7 Rce8 26. Qxc3 Nd5 27. Qc4 Qxb7 28. Rd1 Rd8 29. Rcd2 Kh8 30. Ba1 1-0

[Event "Niedersachsen-ch U16"]
[Site "Rotenburg/Wuemme"]
[Date "2007.04.01"]
[Round "3"]
[White "Gersch, Andre"]
[Black "Kickert, Germaine Helene"]
[Result "1/2-1/2"]
[WhiteElo "1688"]
[BlackElo "1897"]
[PlyCount "93"]
[EventDate "2007.03.31"]
[EventType "swiss"]
[EventRounds "9"]
[EventCountry "GER"]
[SourceTitle "EXT 2008"]
[Source "ChessBase"]
[SourceDate "2007.11.25"]
[SourceVersion "1"]
[SourceVersionDate "2007.11.25"]
[SourceQuality "1"]

1. e4 c5 2. Nc3 Nc6 3. g3 g6 4. Bg2 Bg7 5. d3 e6 6. f4 Nge7 7. Nf3 d6 8. 0-0 0-0 9. Kh1 a6 10. h3 f5 11. Be3 Qa5 12. Qd2 Nd4 13. Bxd4 cxd4 14. Ne2 Qxd2 15. Nxd2 Rb8 16. Nc4 Rd8 17. Nb6 Nc6 18. g4 Nb4 19. Rfc1 fxe4 20. Bxe4 d5 21. Bg2 Rd6 22. a3 Rxb6 23. axb4 Rxb4 24. b3 Bd7 25. Re1 Rc8 26. Rac1 Rb5 27. Ng1 Rbc5 28. Re2 Rc3 29. f5 Bh6 30. fxe6 Be8 31. Rf1 Rxc2 32. Bxd5 R2c7 33. e7+ Kg7 34. Rf8 Be3 35. Nf3 Rxe7 36. Rg8+ Kh6 37. Nxd4 Rd8 38. Ne6 Rxd5 39. Rxe3 Rd6 40. g5+ Kh5 41. Ng7+ Rxg7 42. Rxg7 Bc6+ 43. Kh2 Kxg5 44. Rxh7 b6 45. Rc7 Kf5 46. Rg3 Bb5 47. Rf7+ 1/2-1/2

[Event "Bezirk-ch U16"]
[Site "Peine"]
[Date "2006.10.15"]
[Round "2"]
[White "Gersch, Andre"]
[Black "Helmer, Christoph"]
[Result "1/2-1/2"]
[WhiteElo "1701"]
[BlackElo "1710"]
[PlyCount "105"]
[EventDate "2006.10.14"]
[EventType "swiss"]
[EventRounds "7"]
[EventCountry "GER"]
[SourceTitle "EXT 2008"]
[Source "ChessBase"]
[SourceDate "2007.11.25"]
[SourceVersion "1"]
[SourceVersionDate "2007.11.25"]
[SourceQuality "1"]

1. e4 c5 2. Nc3 Nc6 3. g3 g6 4. Bg2 Bg7 5. d3 e6 6. f4 Nge7 7. Nf3 0-0 8. 0-0 d6 9. Qe2 Rb8 10. Nd1 f5 11. e5 dxe5 12. fxe5 Nxe5 13. Bf4 Nxf3+ 14. Bxf3 Ra8 15. c3 Nd5 16. Be5 Bxe5 17. Qxe5 Qf6 18. Qd6 Qe7 19. Qe5 Qc7 20. Qe2 Bd7 21. c4 Nb4 22. Nc3 Rae8 23. Rfd1 a6 24. d4 cxd4 25. Rxd4 Bc6 26. Rad1 Qb6 27. Kf1 Bxf3 28. Qxf3 Nc6 29. R4d2 Ne5 30. Qf4 Ng4 31. Re1 Qc6 32. Kg1 e5 33. Qf1 Qc5+ 34. Kh1 Ne3 35. Qf3 Nxc4 36. Rc2 e4 37. Qe2 b5 38. Nd1 Qd5 39. b3 Ne5 40. Ne3 Qd3 41. Qf2 Rc8 42. Rd2 Qc3 43. Red1 Nd3 44. Qe2 f4 45. Nd5 f3 46. Qe3 Qg7 47. Qxe4 Nc5 48. Qe3 Kh8 49. Rf2 Qf7 50. Qe5+ Qg7 51. Qe3 Nd7 52. Rxf3 Rxf3 53. Qxf3 1/2-1/2

[Event "Niedersachsen-ch U14"]
[Site "Rotenburg/Wuemme"]
[Date "2006.04.08"]
[Round "1"]
[White "Gersch, Andre"]
[Black "Frank, Christian"]
[Result "1-0"]
[WhiteElo "1577"]
[BlackElo "1297"]
[PlyCount "27"]
[EventDate "2006.04.08"]
[EventType "swiss"]
[EventRounds "9"]
[EventCountry "GER"]
[SourceTitle "EXT 2007"]
[Source "ChessBase"]
[SourceDate "2006.11.23"]
[SourceVersion "1"]
[SourceVersionDate "2006.11.23"]
[SourceQuality "1"]

1. e4 Nf6 2. Nc3 d5 3. exd5 Nxd5 4. Bc4 Nb6 5. Bb3 Nc6 6. Nf3 Bg4 7. Bxf7+ Kxf7 8. Ng5+ Ke8 9. Qxg4 Nd4 10. 0-0 e5 11. Re1 Be7 12. Rxe5 c6 13. b3 Nd7 14. Qxd4 1-0

[Event "BEM-ch U14"]
[Site "Helmstedt"]
[Date "2005.10.30"]
[Round "7"]
[White "Steinke, Dimitrij"]
[Black "Gersch, Andre"]
[Result "0-1"]
[WhiteElo "872"]
[BlackElo "1561"]
[PlyCount "48"]
[EventDate "2005.10.27"]
[EventType "tourn"]
[EventRounds "7"]
[EventCountry "GER"]
[SourceTitle "EXT 2007"]
[Source "ChessBase"]
[SourceDate "2006.11.23"]
[SourceVersion "1"]
[SourceVersionDate "2006.11.23"]
[SourceQuality "1"]

1. e4 c5 2. c4 e6 3. Nc3 Nc6 4. Nf3 a6 5. d3 Bd6 6. Be2 Nge7 7. 0-0 0-0 8. Be3 b6 9. a4 Bb7 10. b3 f5 11. Bd2 f4 12. Re1 h6 13. g3 fxg3 14. fxg3 Ng6 15. Rf1 Be5 16. Nxe5 Ngxe5 17. Rxf8+ Qxf8 18. Bf4 Qf6 19. Bxe5 Qxe5 20. Qd2 Nd4 21. Qf4 Nxe2+ 22. Nxe2 Qxa1+ 23. Kg2 Rf8 24. Qc7 Qf1# 0-1

[Event "BEM-ch U14"]
[Site "Helmstedt"]
[Date "2005.10.29"]
[Round "6"]
[White "Gersch, Andre"]
[Black "Meyer, Isabel"]
[Result "1-0"]
[WhiteElo "1561"]
[BlackElo "902"]
[PlyCount "27"]
[EventDate "2005.10.27"]
[EventType "tourn"]
[EventRounds "7"]
[EventCountry "GER"]
[SourceTitle "EXT 2007"]
[Source "ChessBase"]
[SourceDate "2006.11.23"]
[SourceVersion "1"]
[SourceVersionDate "2006.11.23"]
[SourceQuality "1"]

1. e4 d6 2. d4 Nf6 3. Bd3 g6 4. Nc3 Bg7 5. Nge2 0-0 6. Be3 Bg4 7. f3 Bd7 8. Qd2 e5 9. d5 Bc8 10. 0-0-0 Nbd7 11. g4 Re8 12. h4 Re7 13. h5 Ne8 14. hxg6 1-0

[Event "Niedersachsen-ch U14"]
[Site "Rotenburg/Wuemme"]
[Date "2005.03.20"]
[Round "2"]
[White "Byrohl, Chris"]
[Black "Gersch, Andre"]
[Result "0-1"]
[WhiteElo "1136"]
[BlackElo "1562"]
[PlyCount "36"]
[EventDate "2005.03.19"]
[EventType "swiss"]
[EventRounds "9"]
[EventCountry "GER"]
[SourceTitle "EXT 2007"]
[Source "ChessBase"]
[SourceDate "2006.11.23"]
[SourceVersion "1"]
[SourceVersionDate "2006.11.23"]
[SourceQuality "1"]

1. e4 c5 2. Nc3 e6 3. d3 Nc6 4. Nge2 a6 5. Be3 Nf6 6. g3 d5 7. exd5 exd5 8. Bg5 Be7 9. Bg2 d4 10. Bxf6 Bxf6 11. Ne4 Be7 12. 0-0 0-0 13. Qd2 f5 14. Nxc5 Bxc5 15. Nf4 Bd6 16. Rfe1 Bxf4 17. Qxf4 Qf6 18. Qc7 h6 0-1

[Event "GER-ch U12"]
[Site "Willingen"]
[Date "2004.06.04"]
[Round "10"]
[White "Gersch, Andre"]
[Black "Schnieber, Jacqueline"]
[Result "1-0"]
[WhiteElo "1433"]
[BlackElo "1140"]
[PlyCount "61"]
[EventDate "2004.06.??"]
[EventType "swiss"]
[EventRounds "11"]
[EventCountry "GER"]
[SourceTitle "EXT 2005"]
[Source "ChessBase"]
[SourceDate "2004.11.15"]
[SourceVersion "1"]
[SourceVersionDate "2004.11.15"]
[SourceQuality "1"]

1. e4 e5 2. Nf3 Nc6 3. Bb5 a6 4. Bxc6 dxc6 5. Nc3 Bd6 6. d3 Nf6 7. Bg5 h6 8. Bh4 g5 9. Bg3 Qe7 10. h3 Be6 11. Qe2 0-0-0 12. Bxe5 Bxe5 13. Nxe5 Qd6 14. Nf3 Bf5 15. 0-0-0 Rhe8 16. Qd2 Bg6 17. Rhe1 Nd7 18. g4 f6 19. Qe3 Nb6 20. Nd2 Qb4 21. a3 Qa5 22. Nc4 Nxc4 23. dxc4 Bf7 24. Qa7 Bd5 25. cxd5 c5 26. Qa8+ Kd7 27. Qxb7 Rf8 28. Qc6+ Kc8 29. d6 Rf7 30. Nd5 Rdd7 31. Qa8# 1-0

[Event "GER-ch U12"]
[Site "Willingen"]
[Date "2004.05.31"]
[Round "5"]
[White "Hirneise, Jens"]
[Black "Gersch, Andre"]
[Result "1-0"]
[WhiteElo "1757"]
[BlackElo "1433"]
[PlyCount "81"]
[EventDate "2004.06.??"]
[EventType "swiss"]
[EventRounds "11"]
[EventCountry "GER"]
[SourceTitle "EXT 2005"]
[Source "ChessBase"]
[SourceDate "2004.11.15"]
[SourceVersion "1"]
[SourceVersionDate "2004.11.15"]
[SourceQuality "1"]

1. e4 e6 2. d4 d5 3. Nd2 dxe4 4. Nxe4 Nf6 5. Nxf6+ Qxf6 6. Nf3 h6 7. Bd3 Bd7 8. Ne5 Bd6 9. Qe2 0-0 10. Qe4 Re8 11. Ng4 Qd8 12. Qh7+ Kf8 13. Qh8+ Ke7 14. Qxg7 Rg8 15. Qf6+ Ke8 16. Qxd8+ Kxd8 17. Nxh6 Rf8 18. Ng4 Bc6 19. f3 Nd7 20. Bd2 Rh8 21. Bg5+ Be7 22. Bxe7+ Kxe7 23. 0-0-0 Nb6 24. Ne5 Be8 25. g4 Nd5 26. h4 Nf4 27. Be4 c6 28. h5 f6 29. Ng6+ Bxg6 30. hxg6 Rhg8 31. Rh7+ Kf8 32. Rf7+ Ke8 33. Rxb7 Rc8 34. Bxc6+ Rxc6 35. Rb8+ Ke7 36. Rxg8 Rd6 37. c3 f5 38. Rh1 Kf6 39. Rh7 a5 40. Rf7+ Kg5 41. g7 1-0

[Event "Niedersachsen-ch U12"]
[Site "Borkum"]
[Date "2004.04.06"]
[Round "5"]
[White "Gersch, Andre"]
[Black "Kaphle, Sebastian"]
[Result "0-1"]
[WhiteElo "1271"]
[BlackElo "1388"]
[PlyCount "74"]
[EventDate "2004.04.??"]
[EventType "swiss"]
[EventRounds "9"]
[EventCountry "GER"]
[SourceTitle "EXT 2005"]
[Source "ChessBase"]
[SourceDate "2004.11.15"]
[SourceVersion "1"]
[SourceVersionDate "2004.11.15"]
[SourceQuality "1"]

1. e4 e5 2. Nf3 Nc6 3. Bb5 a6 4. Bxc6 dxc6 5. 0-0 Bg4 6. d3 Bd6 7. h3 h5 8. Nbd2 Be6 9. b3 g5 10. Nh2 g4 11. hxg4 hxg4 12. g3 Qg5 13. Ndf3 Qh5 14. Nh4 Be7 15. Qe2 Bxh4 16. gxh4 Qxh4 17. f4 g3 18. Qg2 gxh2+ 19. Kh1 Bh3 20. Qe2 Bxf1 21. Qxf1 Qf6 22. Bb2 Qxf4 23. Qxf4 exf4 24. Bxh8 f6 25. Kxh2 Kf7 26. Rg1 Ne7 27. Rg7+ Ke6 28. Rh7 Ng6 29. Bg7 Ne5 30. Rh6 Ng4+ 31. Kg2 Nxh6 32. Bxh6 Rg8+ 33. Kf3 Rg3+ 34. Kf2 Rg4 35. c4 Ke5 36. Bf8 Rg3 37. Ke2 Rg2+ 0-1

[Event "Niedersachsen-ch U12"]
[Site "Borkum"]
[Date "2004.04.06"]
[Round "6"]
[White "Gersch, Andre"]
[Black "Kaphle, Stephan"]
[Result "0-1"]
[WhiteElo "1271"]
[BlackElo "1460"]
[PlyCount "74"]
[EventDate "2004.04.??"]
[EventType "swiss"]
[EventRounds "9"]
[EventCountry "GER"]
[SourceTitle "EXT 2005"]
[Source "ChessBase"]
[SourceDate "2004.11.15"]
[SourceVersion "1"]
[SourceVersionDate "2004.11.15"]
[SourceQuality "1"]

1. e4 d6 2. d4 g6 3. Nf3 Bg7 4. Nc3 Nf6 5. Bg5 0-0 6. Bd3 h6 7. Bxf6 Bxf6 8. Qd2 Bg7 9. 0-0 Nd7 10. Ne2 e5 11. d5 f5 12. exf5 gxf5 13. Bc4 f4 14. Nc3 Nf6 15. Rae1 Kh8 16. Qd3 Nh7 17. Ne4 Rg8 18. Kh1 Bf8 19. Rg1 Bf5 20. Qe2 Be7 21. Nfd2 Bg4 22. f3 Bf5 23. Bd3 Qf8 24. Nf2 Bxd3 25. Qxd3 Bh4 26. Qe2 Qf7 27. c4 Qh5 28. Ref1 Ng5 29. Nde4 Bg3 30. Nxg3 fxg3 31. Nh3 Nxh3 32. gxh3 Qxh3 33. Rg2 Rg7 34. Rfg1 Rag8 35. Qe1 gxh2 36. Rxg7 hxg1Q+ 37. Kxg1 Rxg7+ 0-1

[Event "Niedersachsen-ch U12"]
[Site "Borkum"]
[Date "2004.04.04"]
[Round "2"]
[White "Guennigmann, Manuel"]
[Black "Gersch, Andre"]
[Result "1/2-1/2"]
[WhiteElo "1390"]
[BlackElo "1271"]
[PlyCount "88"]
[EventDate "2004.04.??"]
[EventType "swiss"]
[EventRounds "9"]
[EventCountry "GER"]
[SourceTitle "EXT 2005"]
[Source "ChessBase"]
[SourceDate "2004.11.15"]
[SourceVersion "1"]
[SourceVersionDate "2004.11.15"]
[SourceQuality "1"]

1. e4 e6 2. d4 d5 3. Nc3 dxe4 4. Nxe4 Nf6 5. Bg5 Be7 6. Bxf6 Bxf6 7. c3 Nc6 8. Bd3 b6 9. Nxf6+ Qxf6 10. Nf3 0-0 11. Be4 Bb7 12. Ne5 Nxe5 13. Bxb7 Rab8 14. Be4 Nc4 15. 0-0 g6 16. b3 Nd6 17. Bd3 b5 18. b4 a6 19. a4 c6 20. a5 Rfe8 21. f4 Nc8 22. Qe2 Ne7 23. Qe5 Qxe5 24. fxe5 Nd5 25. Rac1 Rbd8 26. Kf2 Kg7 27. g3 Rf8 28. Ke2 f6 29. exf6+ Rxf6 30. Rxf6 Kxf6 31. c4 Nxb4 32. cxb5 cxb5 33. Ke3 Nxd3 34. Kxd3 Rd6 35. Ke4 h5 36. h4 b4 37. Rb1 Rd5 38. Rxb4 Rxa5 39. Rb6 Ra4 40. Rc6 a5 41. Ra6 Ra1 42. d5 Re1+ 43. Kf4 a4 44. dxe6 Rxe6 1/2-1/2

[Event "Niedersachsen-ch U12"]
[Site "Borkum"]
[Date "2004.04.03"]
[Round "1"]
[White "Gersch, Andre"]
[Black "Kaiser, Jonas"]
[Result "1-0"]
[WhiteElo "1271"]
[BlackElo "882"]
[PlyCount "79"]
[EventDate "2004.04.??"]
[EventType "swiss"]
[EventRounds "9"]
[EventCountry "GER"]
[SourceTitle "EXT 2005"]
[Source "ChessBase"]
[SourceDate "2004.11.15"]
[SourceVersion "1"]
[SourceVersionDate "2004.11.15"]
[SourceQuality "1"]

1. e4 e6 2. d4 d5 3. e5 c5 4. c3 Nc6 5. Nf3 Qb6 6. Bd3 Bd7 7. Bc2 cxd4 8. cxd4 Nge7 9. Nc3 Nf5 10. Bxf5 exf5 11. Nxd5 Qa5+ 12. Nc3 Bb4 13. Bd2 0-0 14. 0-0 Be6 15. a3 Bxc3 16. Bxc3 Qd5 17. Qc2 Rfd8 18. Rad1 Rac8 19. Qd3 h6 20. Rd2 Rc7 21. Rfd1 Rcd7 22. Qe3 b5 23. Ne1 a5 24. Nc2 Rb8 25. b4 Qc4 26. f4 axb4 27. Nxb4 Nxb4 28. Bxb4 Rbd8 29. Bd6 Bd5 30. Rb2 Qc6 31. Rc1 Qb7 32. Rc5 Bc4 33. Qe1 Ra8 34. Rxc4 bxc4 35. Rxb7 Rxb7 36. h3 Ra5 37. Bb4 Ra8 38. Qc3 Rc8 39. d5 Rb6 40. d6 1-0